Previous year's Competitive Examination Papers in Chemistry/ (Record no. 212876)

MARC details
000 -LEADER
fixed length control field 00582nam a22001937a 4500
005 - DATE AND TIME OF LATEST TRANSACTION
control field 20251017162355.0
010 ## - LCCN (DPL NO)
LC control number ENG-146317
020 ## - INTERNATIONAL STANDARD BOOK NUMBER
Terms of availability 399.00
035 ## - SYSTEM CONTROL NUMBER
System control number EN-129849
037 ## - SOURCE OF ACQUISITION
Source of stock number/acquisition DBAD
082 ## - DEWEY DECIMAL CLASSIFICATION NUMBER
Classification number 546
Edition number 1
245 ## - TITLE STATEMENT
Title Previous year's Competitive Examination Papers in Chemistry/
250 ## - EDITION STATEMENT
Edition statement 1
260 ## - PUBLICATION, DISTRIBUTION, ETC. (IMPRINT)
Place of publication, distribution, etc New Delhi
Name of publisher, distributor, etc S. Dinesh & Co
Date of publication, distribution, etc 2025
270 ## - ADDRESS
City New Delhi
Address Gali No 3, Mohalla Panjabian, Ansari Road, Darya Ganj
Telephone number 011-23250628
Electronic mail address sdineshbengaluru@rediffmail.com
300 ## - PHYSICAL DESCRIPTION
Extent 264p.
Other physical details 28cm(pb)
500 ## - GENERAL NOTE
General note
942 ## - ADDED ENTRY ELEMENTS (KOHA)
Source of classification or shelving scheme Dewey Decimal Classification
Item type English Books
Classification part 546
Call number suffix PRE
Holdings
Withdrawn status Lost status Not for loan Collection code Home library Current library Date acquired Source of acquisition Cost, normal purchase price Full call number Barcode Copy number Cost, replacement price Koha item type
      Non-fiction RC3 Aruna Nagar RC3 Aruna Nagar 05/08/2025 Delivery of Books Act Division 399.00 546 PRE EN-129849 1 399.00 English Books

© Delhi Public Library
Hit Counter
free hit counter